<?xml version="1.0" encoding="UTF-8"?>
<record
    xmlns:xsi="http://www.w3.org/2001/XMLSchema-instance"
    xsi:schemaLocation="http://www.loc.gov/MARC21/slim http://www.loc.gov/standards/marcxml/schema/MARC21slim.xsd"
    xmlns="http://www.loc.gov/MARC21/slim">

  <leader>02792cam a2200409 i 4500</leader>
  <datafield tag="999" ind1=" " ind2=" ">
    <subfield code="c">10257</subfield>
    <subfield code="d">10257</subfield>
  </datafield>
  <controlfield tag="001">921867630</controlfield>
  <controlfield tag="003">OCoLC</controlfield>
  <controlfield tag="005">20241126110728.0</controlfield>
  <controlfield tag="008">160222s2016    ilu      b    001 0 eng  </controlfield>
  <datafield tag="010" ind1=" " ind2=" ">
    <subfield code="a">2015040194</subfield>
  </datafield>
  <datafield tag="020" ind1=" " ind2=" ">
    <subfield code="a">9780830851324 (pbk. : alk. paper)</subfield>
  </datafield>
  <datafield tag="020" ind1=" " ind2=" ">
    <subfield code="a">0830851321 (pbk. : alk. paper)</subfield>
  </datafield>
  <datafield tag="020" ind1=" " ind2=" ">
    <subfield code="z">9780830899821 (digital)</subfield>
  </datafield>
  <datafield tag="035" ind1=" " ind2=" ">
    <subfield code="a">(OCoLC)921867630</subfield>
  </datafield>
  <datafield tag="040" ind1=" " ind2=" ">
    <subfield code="a">DLC</subfield>
    <subfield code="b">eng</subfield>
    <subfield code="e">rda</subfield>
    <subfield code="c">DLC</subfield>
    <subfield code="d">YDX</subfield>
    <subfield code="d">YDXCP</subfield>
    <subfield code="d">BTCTA</subfield>
    <subfield code="d">LNT</subfield>
    <subfield code="d">OCLCF</subfield>
  </datafield>
  <datafield tag="042" ind1=" " ind2=" ">
    <subfield code="a">pcc</subfield>
  </datafield>
  <datafield tag="050" ind1="0" ind2="0">
    <subfield code="a">BX4827.B3</subfield>
    <subfield code="b">T77 2016</subfield>
  </datafield>
  <datafield tag="082" ind1="0" ind2="0">
    <subfield code="a">234.9092</subfield>
    <subfield code="2">23</subfield>
    <subfield code="b">TSE</subfield>
  </datafield>
  <datafield tag="092" ind1=" " ind2=" ">
    <subfield code="a">234.9092</subfield>
    <subfield code="b">T78k</subfield>
  </datafield>
  <datafield tag="100" ind1="1" ind2=" ">
    <subfield code="a">Tseng, Shao Kai,</subfield>
    <subfield code="d">1981-</subfield>
    <subfield code="0">https://id.loc.gov/authorities/names/no2014139084</subfield>
    <subfield code="e">author.</subfield>
    <subfield code="9">17830</subfield>
  </datafield>
  <datafield tag="245" ind1="1" ind2="0">
    <subfield code="a">Karl Barth's infralapsarian theology :</subfield>
    <subfield code="b">origins and development, 1920-1953 /</subfield>
    <subfield code="c">Shao Kai Tseng ; foreword by George Hunsinger.</subfield>
  </datafield>
  <datafield tag="264" ind1=" " ind2="1">
    <subfield code="a">Downers Grove, Illinois :</subfield>
    <subfield code="b">InterVarsity Press, and imprint of InterVarsity Press,</subfield>
    <subfield code="c">[2016]</subfield>
  </datafield>
  <datafield tag="300" ind1=" " ind2=" ">
    <subfield code="a">317 pages ;</subfield>
    <subfield code="c">23 cm.</subfield>
  </datafield>
  <datafield tag="336" ind1=" " ind2=" ">
    <subfield code="a">text</subfield>
    <subfield code="b">txt</subfield>
    <subfield code="2">rdacontent</subfield>
  </datafield>
  <datafield tag="337" ind1=" " ind2=" ">
    <subfield code="a">unmediated</subfield>
    <subfield code="b">n</subfield>
    <subfield code="2">rdamedia</subfield>
  </datafield>
  <datafield tag="338" ind1=" " ind2=" ">
    <subfield code="a">volume</subfield>
    <subfield code="b">nc</subfield>
    <subfield code="2">rdacarrier</subfield>
  </datafield>
  <datafield tag="490" ind1="1" ind2=" ">
    <subfield code="a">New explorations in theology.</subfield>
  </datafield>
  <datafield tag="504" ind1=" " ind2=" ">
    <subfield code="a">Includes bibliographical references (pages 301-313) and indexes.</subfield>
  </datafield>
  <datafield tag="505" ind1="0" ind2=" ">
    <subfield code="a">Part 1. Reappraising Barth's lapsarian position. Supra- and infralapsarianism in the seventeenth century: some definitions -- Church dogmatics &#xFFFD;&#xFFFD;33: Barth's lapsarian position reassessed -- Part 2. Barth's lapsarian position in development, 1920-1953. R&#xFFFD;&#xFFFD;merbrief II (1920-1921): lapsarianism in the "impossible possibility" dialectic -- The G&#xFFFD;&#xFFFD;ttingen-M&#xFFFD;&#xFFFD;nster period (1921-1930): christology and predestination in the subject-object dialectic -- The Bonn years (1930-1935): human talk and divine word: new developments? -- Gottes Gnadenwahl (1936): infralapsarian aspects of Barth's christocentric doctrine of election -- CDII/2 (1939-1942): Christ as electing God and elected human: lapsarianism "purified" -- CD IV/1 (1951-1953): Adamic history and history of Christ: infralapsarian tendencies in Barth's doctrine of sin.</subfield>
  </datafield>
  <datafield tag="600" ind1="1" ind2="0">
    <subfield code="a">Barth, Karl,</subfield>
    <subfield code="d">1886-1968.</subfield>
    <subfield code="0">https://id.loc.gov/authorities/names/n79069765</subfield>
    <subfield code="9">2654</subfield>
  </datafield>
  <datafield tag="650" ind1=" " ind2="0">
    <subfield code="a">Election (Theology)</subfield>
    <subfield code="0">https://id.loc.gov/authorities/subjects/sh85041546</subfield>
    <subfield code="9">7570</subfield>
  </datafield>
  <datafield tag="650" ind1=" " ind2="0">
    <subfield code="a">Predestination.</subfield>
    <subfield code="0">https://id.loc.gov/authorities/subjects/sh85106244</subfield>
    <subfield code="9">8666</subfield>
  </datafield>
  <datafield tag="650" ind1=" " ind2="0">
    <subfield code="a">Puritans</subfield>
    <subfield code="0">https://id.loc.gov/authorities/subjects/sh85109193</subfield>
    <subfield code="x">Doctrines.</subfield>
    <subfield code="0">https://id.loc.gov/authorities/subjects/sh99005682</subfield>
    <subfield code="9">16117</subfield>
  </datafield>
  <datafield tag="776" ind1="0" ind2="8">
    <subfield code="i">Online version:</subfield>
    <subfield code="a">Tseng, Shao Kai, 1981- author.</subfield>
    <subfield code="t">Karl Barth's infralapsarian theology</subfield>
    <subfield code="d">Downers Grove, IL : InterVarsity Press, [2016]</subfield>
    <subfield code="z">9780830899821</subfield>
    <subfield code="w">(DLC) 2016009323.</subfield>
  </datafield>
  <datafield tag="830" ind1=" " ind2="0">
    <subfield code="a">New explorations in theology.</subfield>
    <subfield code="0">https://id.loc.gov/authorities/names/no2016005482</subfield>
    <subfield code="9">17784</subfield>
  </datafield>
  <datafield tag="942" ind1=" " ind2=" ">
    <subfield code="2">ddc</subfield>
    <subfield code="c">BK</subfield>
  </datafield>
  <datafield tag="952" ind1=" " ind2=" ">
    <subfield code="0">0</subfield>
    <subfield code="1">0</subfield>
    <subfield code="2">ddc</subfield>
    <subfield code="4">0</subfield>
    <subfield code="7">0</subfield>
    <subfield code="a">GBC</subfield>
    <subfield code="b">GBC</subfield>
    <subfield code="c">TH</subfield>
    <subfield code="d">2024-05-08</subfield>
    <subfield code="l">0</subfield>
    <subfield code="o">234.9092 TSE</subfield>
    <subfield code="p">016806</subfield>
    <subfield code="r">2025-05-01 00:00:00</subfield>
    <subfield code="t">c.1</subfield>
    <subfield code="w">2024-05-08</subfield>
    <subfield code="y">BK</subfield>
  </datafield>
</record>
